Rovers and landers / John Allan.
Available copies
- 1 of 1 copy available at LARL/NWRL Consortium.
- 1 of 1 copy available at Lake Agassiz Regional Library. (Show preferred library)
Current holds
0 current holds with 1 total copy.
Show Only Available Copies
| Location | Call Number / Copy Notes | Barcode | Shelving Location | Status | Due Date |
|---|---|---|---|---|---|
| Ada Public Library | J 629.295 ALL (Text) | 33500014378087 | New | Available | - |
Record details
- ISBN: 9781835696682
- ISBN: 1835696686
- Physical Description: 24 pages : color illustrations ; 24 cm
- Publisher: Truro, Cornwall, UK : Hungry Tomato Ltd, 2026.
Content descriptions
| Summary, etc.: | "We are the Mighty Mechanics, and we look after ... Read More |
Search for related items by subject
| Subject: | Roving vehicles (Astronautics) > Juvenile literature. |
Search for related items by series
| LDR | 01279cam a22003013i 4500 | ||
|---|---|---|---|
| 001 | 487707 | ||
| 003 | LARL_NWRL_CONSORTIUM | ||
| 005 | 20260515210632.0 | ||
| 008 | 260331s2026 enka j 000 0 eng d | ||
| 040 | . | ‡aEYB ‡beng ‡erda ‡cEYB ‡dOCLCO ‡dNTG | |
| 020 | . | ‡a9781835696682 | |
| 020 | . | ‡a1835696686 | |
| 035 | . | ‡a(OCoLC)1582318552 | |
| 082 | 0 | 4. | ‡a629.295 ‡223 |
| 100 | 1 | . | ‡aAllan, John, ‡d1961- ‡eauthor. ‡1https://id.oclc.org/worldcat/entity/E39PCjJKDMG6gCpPybcPy7Hkwy |
| 245 | 1 | 0. | ‡aRovers and landers / ‡cJohn Allan. |
| 264 | 1. | ‡aTruro, Cornwall, UK : ‡bHungry Tomato Ltd, ‡c2026. | |
| 300 | . | ‡a24 pages : ‡bcolor illustrations ; ‡c24 cm | |
| 336 | . | ‡atext ‡btxt ‡2rdacontent | |
| 336 | . | ‡astill image ‡bsti ‡2rdacontent | |
| 337 | . | ‡aunmediated ‡bn ‡2rdamedia | |
| 338 | . | ‡avolume ‡bnc ‡2rdacarrier | |
| 490 | 0 | . | ‡aMighty mechanics' guide to awesome space machines |
| 520 | . | ‡a"We are the Mighty Mechanics, and we look after all types of spacecraft that explore planets. Discover what happened on the Apollo 11 mission, how Sojourner worked, and much, much more..."--Back cover. | |
| 650 | 0. | ‡aRoving vehicles (Astronautics) ‡vJuvenile literature. | |
| 901 | . | ‡a487707 ‡bAUTOGEN ‡c487707 ‡tbiblio | |

Add to basket
Permalink
Disable Highlighting